Music Quiz

Random Music or Lyrics Quiz

Lyrics: 'Wake Up Call' - Maroon 5 Quiz Stats

 Plays Quiz not verified by Sporcle

Challenge
Share
Tweet
Embed
Score 0/286 Timer 10:00
0 Plays Today
Lyrics % Correct
I
99.3%
And
99.3%
the
99.3%
And
99.3%
a
99.3%
the
99.3%
a
99.3%
And
99.3%
And
99.3%
And
99.3%
a
99.3%
and
99.3%
the
99.3%
And
99.3%
a
99.3%
the
99.3%
a
99.3%
the
99.3%
I
99.1%
I
99.1%
I
99.1%
I
99.1%
I
99.1%
I
99.1%
I
99.1%
I
99.1%
I
99.1%
I
99.1%
I
99.1%
I
99.1%
you
98.9%
you
98.9%
you
98.9%
you
98.9%
you
98.9%
you
98.9%
you
98.9%
you
98.9%
you
98.9%
You
98.9%
you
98.9%
you
98.9%
you
98.9%
you
98.9%
you
98.9%
you
98.9%
up
97.6%
up
97.6%
in
97.3%
in
97.3%
in
97.3%
in
97.3%
So
97.1%
so
97.1%
Wake
97.1%
so.
97.1%
so
97.1%
so.
97.1%
so
97.1%
Wake
97.1%
so.
97.1%
so
97.1%
so
97.1%
so
97.1%
[Chorus x3]
97.1%
call,
96.9%
call
96.9%
me.
96.5%
don't
96.5%
Don't
96.5%
me
96.5%
Don't
96.5%
me?
96.5%
don't
96.5%
don't
96.5%
me
96.5%
me
96.5%
don't
96.5%
Don't
96.5%
me
96.5%
Don't
96.5%
me?
96.5%
don't
96.5%
don't
96.5%
think
96.2%
think
96.2%
think
96.2%
another
96%
another
96%
do
96%
my
95.8%
with
95.8%
my
95.8%
bed.
95.8%
my
95.8%
my
95.8%
Lyrics % Correct
with
95.8%
my
95.8%
bed.
95.8%
He
95.6%
He
95.6%
anymore?
95.1%
anymore.
95.1%
anymore?
95.1%
anymore.
95.1%
to
94%
one
94%
to
94%
to
94%
to
94%
one
94%
to
94%
morning
93.8%
care
93.8%
about
93.8%
care
93.8%
about
93.8%
morning
93.8%
care
93.8%
about
93.8%
care
93.8%
about
93.8%
on
93.6%
caught
93.6%
caught
93.6%
him
92.7%
him
92.7%
Six
92%
shoot
92%
Six
92%
shoot
92%
here
91.4%
here,
91.4%
here
91.4%
here,
91.4%
foot
91.2%
foot
91.2%
had
90.9%
dead.
90.9%
had
90.9%
dead.
90.9%
won't
90.5%
come
90.5%
Come
90.5%
won't
90.5%
come
90.5%
Come
90.5%
around
89.6%
around
89.6%
around
89.6%
around
89.6%
tall,
88.3%
tall,
88.3%
what
85.6%
Did
85.6%
what
85.6%
came
85.4%
came
85.4%
not
84.3%
say
84.3%
not
84.3%
say
84.3%
not
84.3%
say
84.3%
without
84.1%
without
84.1%
hear
83.4%
I'm
83.4%
we
83.4%
I'm
83.4%
I'm
83.4%
hear
83.4%
I'm
83.4%
I'm
83.4%
warning
83.2%
warning
83.2%
it,
82.5%
love,
82.5%
love.
82.5%
love,
82.5%
love.
82.5%
love
82.5%
love,
82.5%
love.
82.5%
love,
82.5%
love.
82.5%
now
81.2%
now,
81.2%
now
81.2%
now
81.2%
now
81.2%
now,
81.2%
Lyrics % Correct
didn't
81%
didn't
81%
were
80.8%
if
80.3%
If
80.3%
If
80.3%
word.
79.6%
is
79.6%
word.
79.6%
Is
79.6%
for
79.4%
need
79.4%
for
79.4%
saying.
78.5%
feel
78.5%
bad.
78.5%
it's
77.9%
it's
77.9%
have
77.7%
have
77.7%
fault,
77.2%
fault,
77.2%
baby.
76.8%
needed
75%
Could
75%
needed
75%
then
74.6%
then
74.6%
are
74.3%
ask
74.3%
ask
74.3%
coming
74.1%
coming
74.1%
was
74.1%
that
73.9%
both
73.2%
deserve
73.2%
both
73.2%
deserve
73.2%
heart
72.6%
beat
72.1%
would
71.9%
what's
71.9%
what's
71.9%
thing?
71.9%
his
71.9%
live
71.5%
never
71.2%
never
71.2%
taking
71.2%
taking
71.2%
emotion,
71%
who
71%
hell
71%
sorry
71%
wrong
71%
still
71%
'cause
70.8%
'cause
70.8%
thinking?
70.8%
beating?
70.1%
given
69%
given
69%
Oh
69%
betray
68.8%
well
68.8%
well
68.8%
maybe.
67%
at
66.4%
made
65.5%
own
65%
your
64.8%
way.
64.6%
darling.
64.4%
questions,
64.2%
kind
63.3%
treat
63.3%
answer
62.2%
babe?
62.2%
game.
62.2%
happy.
61.1%
raw
60.2%
make
60%
sound
58.8%
Could've
54%
ground.
53.3%
hit
52.7%
screaming
49.8%
sleeping
47.8%
would've
46.5%
loudly.
44%
soundly.
42.9%
finally
32.7%
bled
32.3%

You're not logged in!

Compare scores with friends on all Sporcle quizzes.
Join for Free
OR
Log In

You Might Also Like...

Show Comments

Extras

Top Quizzes Today


Score Distribution

Your Account Isn't Verified!

In order to create a playlist on Sporcle, you need to verify the email address you used during registration. Go to your Sporcle Settings to finish the process.

Report this User

Report this user for behavior that violates our Community Guidelines.

Details: